Statistics for Billie Eilish - When the Party's Over Lyrics

Click here to take the quiz!

General Stats

  • This quiz has been taken 683 times
  • The average score is 171 of 189

Answer Stats

Lyric% Correct
I
99%
when
98%
you
96%
it
95%
like
95%
that
95%
say
94%
I'm
94%
the
93%
over
93%
no
93%
my
93%
go
93%
party's
92%
And
92%
good
92%
and
92%
to
92%
but
91%
on
91%
me
91%
home
91%
Don't
91%
But
91%
coming
90%
know
90%
for
90%
could
90%
lie
90%
Can't
90%
Call
89%
own
89%
call
89%
nothing
88%
I've
87%
stop
87%
afford
87%
let
86%
lose
86%
Let
86%
I'll
86%
Quiet
85%
ever
84%
learned
84%
leaving
83%
too
83%
bleeding
83%
already
82%
much
82%
keep
82%
stops
82%
friend
81%
closer
81%
shirt
80%
is
79%
better
78%
Tore
78%
if
78%
our
78%
sometimes
77%
goodbyes
77%
hurt
76%
only
75%
said
75%
both
71%
Once
71%
just
71%
we've
70%
Let's
64%
Yeah
52%

Score Distribution

Percentile by Number Answered

Percent of People with Each Score

Your Score History

You have not taken this quiz